| 000 | 00751nam a2200241 i 4500 | ||
|---|---|---|---|
| 001 | 108234 | ||
| 003 | ES-MaACL | ||
| 005 | 20231021062533.0 | ||
| 007 | t| | ||
| 008 | 061121s1985 sp bf |||| | spa d | ||
| 020 | _a84-7223-224-7 | ||
| 080 | _a821.133.1-31"19" | ||
| 100 | 1 |
_aMonteilhet, Hubert. _982431 |
|
| 245 | 1 | 0 |
_aNerópolis _b: novela sobre los tiempos de Nerón / _cHubert Monteilhet ; traducción de Encarna Gómez Castejón. |
| 250 | _a1.ª ed. | ||
| 260 |
_aBarcelona : _bTusquets, _c1985. |
||
| 300 |
_a793 p. , 3 h. de mapas ; _c21 cm. |
||
| 490 | 1 |
_aAndanzas ; _v24 |
|
| 700 | 1 |
_aCastejón, Encarna. _936460 |
|
| 830 | 0 | 0 |
_aColección Andanzas _v24 _9234359 |
| 852 |
_aES-MaACL _jL-9513 |
||
| 999 |
_c108234 _d108234 |
||